| 000 | 00732cab a2200205 4500 | ||
|---|---|---|---|
| 001 | WB2541-12 | ||
| 008 | 090401t1989 xxu||||| |||| 00| 0 eng d | ||
| 035 | _a(Sirsi) u66689 | ||
| 041 | _aeng | ||
| 245 | _aInterest on compensation | ||
| 260 | _c1989 | ||
| 350 | _a0 | ||
| 490 |
_aEGCS _v(1989) 129 |
||
| 520 | _aIn Simmonds v Kent CC LT 7 September 1989 it was held that there had been no entry on land in respect of which interest is payable under Land Compensation Act 1961 s32 and Land Compensation Act 1973 s63 . | ||
| 650 | _aBLIGHT NOTICE | ||
| 650 | _aCOMPENSATION | ||
| 690 | _aENVIRONMENTAL AND LAND CONSULTANCY-PLANNING AND DEVELOPMENT-COMPULSORY PURCHASE AND COMPENSATION | ||
| 942 | _n0 | ||
| 948 | _c04/03/1997 | ||
| 999 |
_c41658 _d41658 |
||